| Tag |
First Indicator |
Second Indicator |
Subfields |
| LEADER |
00000cam a2200000 a 4500 |
| 001 |
in00000030341 |
| 005 |
20151007060307.0 |
| 008 |
880211s1988 nyu 00110 eng |
| 010 |
|
|
|a 88005089
|
| 020 |
|
|
|a 0671664166
|
| 035 |
|
|
|a (OCoLC)17649831
|
| 035 |
|
|
|9 AAC0508AM
|
| 040 |
|
|
|a DLC
|c DLC
|d TXA
|d UtOrBLW
|
| 043 |
|
|
|a n-us---
|
| 049 |
|
|
|a TXAM
|c [A11680349]
|
| 050 |
0 |
0 |
|a E876
|b .L84 1988
|
| 082 |
0 |
|
|a 327.73
|2 19
|
| 100 |
1 |
|
|a Lugar, Richard.
|
| 245 |
1 |
0 |
|a Letters to the next president /
|c Richard G. Lugar.
|
| 264 |
|
1 |
|a New York :
|b Simon and Schuster,
|c [1988]
|
| 264 |
|
4 |
|c ©1988
|
| 300 |
|
|
|a 283 pages ;
|c 25 cm.
|
| 336 |
|
|
|a text
|b txt
|2 rdacontent
|
| 337 |
|
|
|a unmediated
|b n
|2 rdamedia
|
| 338 |
|
|
|a volume
|b nc
|2 rdacarrier
|
| 500 |
|
|
|a Includes index.
|
| 651 |
|
0 |
|a United States
|x Foreign relations
|y 1981-1989.
|
| 650 |
|
0 |
|a Presidents
|z United States
|x Election
|y 1988.
|
| 600 |
1 |
0 |
|a Lugar, Richard.
|
| 999 |
|
|
|a MARS
|
| 999 |
f |
f |
|s 54fa3741-5120-3b71-94fd-e613538f786e
|i 32a6f7d9-fa68-3f1f-90fa-96a0cb5f8e47
|t 0
|
| 952 |
f |
f |
|p ric
|a Texas A&M University
|b Rellis Campus
|c Joint Library Facility
|d Remote Storage
|t 0
|e E876 .L84 1988
|h Library of Congress classification
|i unmediated -- volume
|m A14811680349
|
| 998 |
f |
f |
|a E876 .L84 1988
|t 0
|l Remote Storage
|